000
00298nam a22001217a 4500
003
OSt
008
150215b xxu||||| |||| 00| 0 eng d
100
1
_a
Poole, Bertram W. H.
041
_a
eng
245
1
0
_a
The Pioneer Stamps of the British Empire
260
_a
London
_b
Faber and Faber
300
_a
0 pages
999
_c
807
_d
807